000 00633nam a2200277Ia 4500
005 20260324145337.0
008 008 260324s9999 xx 000 0 eng d
020 _a9781003064947
037 _aEBOOK
040 _aCRL
040 _beng
040 _cCRL
041 _2eng
041 _aeng
084 _qCRL
100 _aT. M. Vickrey
_91222622
245 0 _aLiquid Chromatography Detectors
260 _bTaylor and Francis
260 _c1983
365 _a
365 _b640
856 _uhttp://www.taylorfrancis.com/books/9781003064947
942 _cEBOOK
999 _c1830406
_d1830406